000 00741nam a2200193 a 4500
001 000251130
003 AM-YeHGA
005 20250618071702.0
008 030730s ai 000 | arm d
040 _aAM-YeHGA
100 1 _aՏոլստոյ, Լև Նիկոլաևիչ,
_d1828-1910
_96686
245 1 0 _aԹանգ արժէ :
_b[Պատմվածք] /
_cԼ. Տոլստոյ; Թարգմ.՝ Գր. Աղաջանեանց.
260 _aԹաւրիզ :
_bԹեմական արագատիպ հայոց Ատրպատականի,
_cԱ. թ.
300 _a16 էջ ;
_c15 սմ.
520 3 _aԸնծայագրով
650 1 4 _aՌուս գրականություն
_xՊատմվածք
_94645
700 1 _aԱղաջանեանց, Գր.
_eթարգմ.
_4trl
090 _c91296
999 _c90007
_d90007